MIÉRT A SZÉCHENYI KÁRTYA A LEGELŐNYÖSEBB HITELTERMÉK A KIS- ÉS KÖZÉPVÁLLALKOZÁSOK SZÁMÁRA?

Bibliographic Details
Main Author: Jobbágy Mariann
Other Authors: Sági Dr. habil Judit
Format: Thesis
Kulcsszavak:KKV
Széchenyi Kártya
Hitel
Online Access:http://dolgozattar.uni-bge.hu/16354

MARC

LEADER 00000nta a2200000 i 4500
001 dolg16354
005 20190403122010.0
008 180515suuuu hu om 000 hun d
040 |a BGE Dolgozattár Repozitórium  |b hun 
041 |a hu 
100 1 |a Jobbágy Mariann 
245 1 0 |a MIÉRT A SZÉCHENYI KÁRTYA A LEGELŐNYÖSEBB HITELTERMÉK A KIS- ÉS KÖZÉPVÁLLALKOZÁSOK SZÁMÁRA?  |c Jobbágy Mariann  |h [elektronikus dokumentum] 
695 |a KKV 
695 |a Széchenyi Kártya 
695 |a Hitel 
700 1 |a Sági Dr. habil Judit  |e ths 
856 4 0 |u http://dolgozattar.uni-bge.hu/16354/1/dolgozat.pdf  |z Dokumentum-elérés 
856 4 0 |u http://dolgozattar.uni-bge.hu/16354/2/titkositasi.pdf  |z Dokumentum-elérés